Crimen y castigo
I tiakina i:
| Kaituhi matua: | |
|---|---|
| Hōputu: | Pukapuka |
| Reo: | Pāniora |
| I whakaputaina: |
Ciudad de México
Porrúa
1981
|
| Putanga: | 7a. ed |
| Rangatū: | Sepan cuántos, 108
|
| Ngā marau: | |
| Ngā Tūtohu: |
Tāpirihia he Tūtohu
Kāore He Tūtohu, Me noho koe te mea tuatahi ki te tūtohu i tēnei pūkete!
|
MARC
| LEADER | 00000nam a2200000 a 4500 | ||
|---|---|---|---|
| 001 | UCZ0196 | ||
| 003 | CL-VaPUC | ||
| 008 | 950724e19810000MX |||||||||||||||||spa|d | ||
| 082 | 0 | 4 | |a 891.703 |b DOS |2 21 |
| 100 | |a Dostoievski, Fedor |e author |9 267773 | ||
| 245 | 1 | 0 | |a Crimen y castigo |
| 250 | |a 7a. ed | ||
| 300 | |a 347 p | ||
| 942 | |c BK | ||
| 945 | |d 19950724 00:00:00 |a lriquelm | ||
| 260 | |a Ciudad de México |b Porrúa |c 1981 | ||
| 650 | 0 | |a Novelas rusas |9 316330 | |
| 650 | 0 | |a Literatura rusa |9 318370 | |
| 650 | 0 | |a Formas y géneros literarios |9 324031 | |
| 583 | |a last modification |c 19950724 00:00:00 |k Rodrigo Vera | ||
| 490 | 0 | |a Sepan cuántos, 108 | |
| 999 | |c 237158 |d 237156 | ||
| 952 | |0 0 |1 0 |4 0 |6 891_703000000000000_DOS_1981 |7 0 |8 A |9 245987 |a BIBEDU |b BIBEDU |d 2019-11-18 |i 1541188 |o 891.703 DOS 1981 |p 1541188 |r 2019-11-18 |w 2019-11-18 |y BK |k EDU | ||